Developing at a leisurely place (Record no. 75469)
[ view plain ]
| 000 -LEADER | |
|---|---|
| fixed length control field | 00711cab a2200193 4500 |
| 001 - CONTROL NUMBER | |
| control field | L130156 |
| 008 - FIXED-LENGTH DATA ELEMENTS--GENERAL INFORMATION | |
| fixed length control field | 050629n2005 000 0 eng u |
| 035 ## - SYSTEM CONTROL NUMBER | |
| System control number | (Sirsi) u130156 |
| 041 ## - LANGUAGE CODE | |
| Language code of text/sound track or separate title | eng |
| 100 ## - MAIN ENTRY--PERSONAL NAME | |
| Personal name | Burns, Joe |
| 245 ## - TITLE STATEMENT | |
| Title | Developing at a leisurely place |
| 260 ## - PUBLICATION, DISTRIBUTION, ETC. | |
| Date of publication, distribution, etc. | 2005 |
| 490 ## - SERIES STATEMENT | |
| Series statement | QS Week |
| Volume/sequential designation | (9) 22 June 2005, 12-13(2) |
| 520 ## - SUMMARY, ETC. | |
| Summary, etc. | Gives a broad view of the factors that affect the costs of typical leisure and recreational facilities usually associated with an out of town retail or business park development. With tables that review the components of a leisure complex. |
| 590 ## - LOCAL NOTE (RLIN) | |
| Local note | IKA040705 |
| 690 ## - LOCAL SUBJECT ADDED ENTRY--TOPICAL TERM (OCLC, RLIN) | |
| Topical term or geographic name as entry element | BUILT ENVIRONMENT-BUILDING COSTS |
| 700 ## - ADDED ENTRY--PERSONAL NAME | |
| Personal name | Nicholson, Stuart |
| 942 ## - ADDED ENTRY ELEMENTS (KOHA) | |
| Suppress in OPAC | 0 |
| Withdrawn status | Lost status | Source of classification or shelving scheme | Damaged status | Not for loan | Home library | Current library | Shelving location | Date acquired | Total Checkouts | Full call number | Barcode | Date last seen | Copy number | Price effective from | Koha item type |
|---|---|---|---|---|---|---|---|---|---|---|---|---|---|---|---|
| Dewey Decimal Classification | London | London | Journal article | 29/06/2005 | L130156 | 130156-1001 | 06/08/2019 | 1 | 06/08/2019 | Journal article |